000 00446nam a2200181Ia 4500
003 0100
008 130303s9999 xx 000 0 und d
040 _cARRUPELIB
050 _aHM216.P871994
100 _aPowers, Gerard F. (ed)
245 _aPeacemaking
245 _bMoral and Policy Challenges for a new World
260 _aWashington, D.C.
260 _bUnited States Conference Inc
260 _C1994
300 _a362p
942 0 0 _01
999 _c18775
_d18775